Score 0/24 Timer 03:00
0 Plays Today
Year/Song Word % Correct
1986: Take My Breath ____Away
99.7%
1991: _____ and the BeastBeauty
99.2%
1984: I ____ Called to Say I Love YouJust
96.3%
1949: Baby It's Cold _______Outside
96.3%
2013: Let it __Go
95.4%
1997: My _____ Will Go OnHeart
95.4%
1992: A Whole ___ WorldNew
94.6%
1969: Raindrops ____ Fallin' on My HeadKeep
94.5%
1994: Can You Feel the Love ________Tonight
93.3%
1989: _____ the SeaUnder
92.4%
1956: ___ Sera, SeraQue
90.8%
1973: The Way We ____Were
90.3%
Year/Song Word % Correct
1990: _____ or Later (I Always Get My Man)Sooner
90%
1939: Over the _______Rainbow
87.6%
1968: The Windmills of Your ____Mind
87.4%
1983: Flashdance. . . What a _______Feeling
86.8%
2001: __ I Didn't Have YouIf
85%
1947: ___-a-Dee-Doo-DahZip
83.7%
2002: Lose ________Yourself
80.5%
1988: ___ the River RunLet
79.3%
1951: In the Cool, Cool, Cool of the _______Evening
72.9%
1962: ____ of Wine and RosesDays
61.6%
2005: It's Hard out Here for a ____Pimp
33.6%
2016: ____ of StarsCity
24.5%

Today's Daily Dose

Remove Ads.
Support Sporcle.
Get the best of Sporcle when you Go Orange. This ad-free experience offers more features, more stats, and more fun while also helping to support Sporcle. Thank you for becoming a member.

You're not logged in!

Compare scores with friends on all Sporcle quizzes.
OR
Log In

Show Comments

Extras

Top Quizzes Today


Score Distribution

Your Account Isn't Verified!

In order to create a playlist on Sporcle, you need to verify the email address you used during registration. Go to your Sporcle Settings to finish the process.

Report this User

Report this user for behavior that violates our Community Guidelines.

Details: